Statistics for The Hobbit 1 Quotes

Click here to take the quiz!

General Stats

  • This quiz has been taken 85 times
  • The average score is 11 of 15

Answer Stats

QuotesCharacter% Correct
Oh! We knows! We knows safe paths for hobbitses! Safe paths in the dark... SHUT UP!Gollum
99%
true courage is about knowing not when to take a life, but when to spare one.Gandalf the Grey
86%
Loyalty. Honor. A willing heart... I can ask no more than that.Thorin Oakenshield
85%
By my beard, you're shorter and wider than last time we met.Dwalin
78%
That is when I saw him; the young dwarf prince facing down the Pale OrcBalin
77%
What does he say? Does he offer us insult?Gloin
77%
I saw him, Gandalf, from out of the darkness. A Necromancer has come!Radagast the Brown
77%
I've got parasites as big as my arm!Oin
76%
Mine are the biggest parasites, I've got huge parasites!Kili
72%
It's his excessive consumption of mushrooms! They've addled his brain and yellowed his teeth!Saruman the White
66%
Think furnace, with wings.Bofur
65%
Mr. Gandalf? A glass of red wine as requested. It's got a fruity bouquet.Dori
65%
Oh, but I'm forgetting, you don't have a mountain, and you're not a king, which makes you nobody, really.Great Goblin
64%
Have they got any chips?Ori
62%
Gandalf, for four hundred years, we have lived in peace - a hard-won, watchful peace.Lord Elrond
61%

Score Distribution

Percentile by Number Answered

Percent of People with Each Score

Your Score History

You have not taken this quiz